Marketingová komunikácia vo vybranom podniku diplomová práca

Enregistré dans:
Détails bibliographiques
Auteur principal: Demková, Patrícia
Collectivité auteur: Podnikovohospodárska fakulta EU so sídlom v Košiciach. Katedra obchodného podnikania
Autres auteurs: Petrovčiková, Katarína, 1977-
Format: Livre
Langue:slovaque
Publié: Košice 2021
Tags: Ajouter un tag
Pas de tags, Soyez le premier à ajouter un tag!

MARC

LEADER 00000nbm a2200000 4500
001 0274086
005 20220330140533.9
041 0 |a slo 
044 |a SK 
245 1 0 |a Marketingová komunikácia vo vybranom podniku  |b diplomová práca  |c Patrícia Demková ; školiteľ: Katarína Petrovčiková 
264 1 |a Košice  |c 2021 
300 |a 69 s. 
100 1 |a Demková, Patrícia 
700 1 |a Petrovčiková, Katarína, 1977- 
710 2 |a Podnikovohospodárska fakulta EU so sídlom v Košiciach. Katedra obchodného podnikania